|
|
|
|
| LEADER |
01510nam a22002897a 4500 |
| 001 |
19200 |
| 003 |
BD-DhAAL |
| 005 |
20230712104951.0 |
| 008 |
230712t2006 ii ||||| |||| 00| 0 ben d |
| 020 |
|
|
|a 8170742927
|
| 040 |
|
|
|a BD-DhAAL
|d BD-DhAAL
|
| 041 |
|
|
|a ben
|
| 082 |
|
|
|a 954.0317
|2 23
|
| 100 |
|
|
|a বন্দ্যোপাধ্যায়, প্রেমাংশুকুমার.
|9 55043
|
| 245 |
|
|
|a বারাকপুরের প্রথম সিপাহী বিদ্রোহ ১৮২৪ /
|c প্রেমাংশুকুমার বন্দ্যোপাধ্যায়
|
| 260 |
|
|
|a কলকাতা :
|b কে পি বাগচী অ্যান্ড কোম্পানী,
|c ২০০৬.
|
| 300 |
|
|
|a ২৩৯ পৃষ্ঠা :
|b চিত্র ;
|c ২২ সে.মি.
|
| 504 |
|
|
|a গ্রন্থপঞ্জিগত নির্দেশিকা ও নিঘন্ট অন্তভূক্ত
|
| 541 |
|
|
|e 19200
|
| 650 |
|
|
|a Barrackpore Mutiny, Barrackpore, India, 1824.
|9 55044
|
| 651 |
|
|
|a India
|x History
|y Sepoy Rebellion, 1857-1858.
|
| 651 |
|
|
|a Barrackpore (India)
|x History
|y 19th century.
|9 55045
|
| 651 |
|
|
|a India
|x History
|y British occupation, 1765-1947.
|
| 852 |
|
|
|a Ayesha Abed Library
|c General Stacks
|
| 942 |
|
|
|2 ddc
|c BK
|
| 999 |
|
|
|c 45959
|d 45959
|
| 952 |
|
|
|0 0
|1 0
|2 ddc
|4 0
|6 954_031700000000000_BAN
|7 0
|9 73908
|a BIGD
|b BIGD
|c GEN
|d 2023-07-12
|l 0
|o 954.0317 BAN
|p 3050019200
|r 2023-07-12
|t 1
|w 2023-07-12
|y BK
|x Transferred from BDI to BIGD.
|